Catching up or leading the way (Record no. 193189)
[ view plain ]
| 000 -LEADER | |
|---|---|
| fixed length control field | 01304nam a2200325 a 4500 |
| 082 04 - DEWEY DECIMAL CLASSIFICATION NUMBER | |
| Classification number | 370.973 |
| 100 1# - MAIN ENTRY--AUTHOR NAME | |
| Personal name | Zhao, Yong. |
| 245 10 - TITLE STATEMENT | |
| Title | Catching up or leading the way |
| 260 ## - PUBLICATION, DISTRIBUTION, ETC. (IMPRINT) | |
| Place of publication | Alexandria, Va. : |
| Name of publisher | ASCD, |
| Year of publication | c2009. |
| 300 ## - PHYSICAL DESCRIPTION | |
| Number of Pages | xv, 228 p. |
| 650 #0 - SUBJECT ADDED ENTRY--TOPICAL TERM | |
| Topical Term | Education |
| Topical Term | Education and globalization |
| Topical Term | Educational leadership |
| 856 40 - ELECTRONIC LOCATION AND ACCESS | |
| Uniform Resource Identifier | http://site.ebrary.com/lib/rucke/Doc?id=10375876 |
No items available.
